El Sistema Interparlamentario Europeo

Bibliographic Details
Main Author: Fernǹdez Alles, Jos ̌Joaqun̕
Format: eBook
Language:Spanish
Published: Madrid: Dykinson, 2016
Subjects:
Online Access:Acceso restringido

MARC

LEADER 00000nam a22000007a 4500
005 20170902223041.0
007 cr|||| ||||
008 170902s2016 es |||||s|||| 00||0 spa d
020 |a 978-84-9085-996-4 
035 |a 20503 
040 |a vLex 
090 |c 6894  |d 6894 
100 1 |a Fernǹdez Alles, Jos ̌Joaqun̕ 
245 1 2 |a El Sistema Interparlamentario Europeo  |h [Recurso electrn̤ico] /  |c Jos ̌Joaqun̕ Fernǹdez Alles 
256 |a Servicio en ln̕ea 
260 |a Madrid:  |b Dykinson,  |c 2016 
300 |a 1 recurso electrn̤ico 
506 1 |a Disponible solo en los productos indicados  |d vLex Global  |d vLex Global (Academic Edition, excluding Law Schools)  |d vLex Global (U.S. Academic Edition, Law Schools)  |d vLex Global (U.S. Academic Edition, excluding Law Schools)  |d vLex Global (Academic Edition, Law Schools) 
650 0 4 |a Derecho Comunitario  |z Espaą 
740 0 |a vLex Libros (Servicio en ln̕ea) 
856 4 0 |u http://vlex.com/source/sistema-interparlamentario-europeo-20503  |z Acceso restringido 
942 |c BOOK 
999 0 |a Community Law